Teuerste Abgänge österreichische Bundesliga - Statistiken

Allgemein
  • Dieses Quiz wurde 42 mal gespielt
  • Das Durchschnittsergebnis liegt bei 6 aus 15
Antwortstatistiken
Hint Antwort % Korrekt
Salzburg Erling Haaland
82%
Salzburg Sadio Mane
62%
Salzburg Naby Keita
51%
Salzburg Dayot Upamecano
46%
Salzburg Karim Adeyemi
46%
Sturm Graz Rasmus Hojlund
46%
Salzburg Benjamin Sesko
44%
Salzburg Dominik Szoboszlai
44%
Salzburg Nicolas Seiwald
31%
Salzburg Amadou Haidara
26%
Salzburg Strahinja Pavlovic
26%
Salzburg Patson Daka
23%
Salzburg Brendan Aaronson
15%
Salzburg Enock Mwepu
15%
Salzburg Duje Caleta Car
8%
Keine übereinstimmenden Quizze gefunden
Verteilung der Resultate
Anzahl Personen mit jedem Resultat
Perzentil nach korrekt beantworteten Fragen
Ihre Resultats-Entwicklung
Sie haben dieses Quiz noch nicht gespielt